INTERNATIONAL ECONOMIC LAW (Record no. 216729)

MARC details
000 -LEADER
fixed length control field 00538nam a22001697a 4500
008 - FIXED-LENGTH DATA ELEMENTS--GENERAL INFORMATION
fixed length control field 260302b |||||||| |||| 00| 0 eng d
020 ## - INTERNATIONAL STANDARD BOOK NUMBER
International Standard Book Number 978-0-19-922693-1
100 ## - MAIN ENTRY--PERSONAL NAME
Personal name LOWENFELD, ANDREAS F.
245 ## - TITLE STATEMENT
Title INTERNATIONAL ECONOMIC LAW
250 ## - EDITION STATEMENT
Edition statement 2ND ED
260 ## - PUBLICATION, DISTRIBUTION, ETC.
Place of publication, distribution, etc. NEW YORK
Name of publisher, distributor, etc. OXFORD UNIVERSITY PRESS
Date of publication, distribution, etc. 2008
300 ## - PHYSICAL DESCRIPTION
Extent LIII, 956P.
500 ## - GENERAL NOTE
General note INCLUDES INDEX
650 ## - SUBJECT ADDED ENTRY
Topical term or geographic name entry element 1. FOREIGN TRADE REGULATIONS 2. INVESTMENTS, FOREIGN -LAW AND LEGISTLATION 3. MONEY -LAW AND LEGISTLATION
942 ## - ADDED ENTRY ELEMENTS (KOHA)
Source of classification or shelving scheme Library of Congress Classification
Koha item type Long Loan Book
Holdings
Withdrawn status Lost status Source of classification or shelving scheme Damaged status Not for loan Collection Home library Current library Shelving location Date acquired Inventory number Total checkouts Full call number Barcode Date last seen Copy number Price effective from Koha item type
    Library of Congress Classification     Law Kisii University Library Kisii University Library On Display 03/02/2026 111698   K 3941 .L69 2008 a001097 03/02/2026 2 03/02/2026 Long Loan Book
    Library of Congress Classification     Law Kisii University Library Kisii University Library On Display 03/02/2026 111700   K 3941 .L69 2008 a001096 03/02/2026 4 03/02/2026 Long Loan Book
    Library of Congress Classification     Law Kisii University Library Kisii University Library On Display 03/02/2026 111701   K 3941 .L69 2008 a001095 03/02/2026 5 03/02/2026 Long Loan Book
    Library of Congress Classification     Law Kisii University Library Kisii University Library On Display 03/02/2026 111697   K 3941 .L69 2008 a001098 03/02/2026 3 03/02/2026 Long Loan Book